| 000 | 00975nam a2200265Ia 4500 | ||
|---|---|---|---|
| 003 | OSt | ||
| 005 | 20220925230410.0 | ||
| 006 | a|||||r|||| 00| 0 | ||
| 007 | ta | ||
| 008 | 220923b |||||||| |||| 00| 0 eng d | ||
| 020 |
_a9781781681657 _c1604 |
||
| 037 |
_b7437, 12/03/2015, Efficient Book Distributors _cGeneral Book |
||
| 040 |
_aRTL _cRTL _beng |
||
| 041 |
_2eng _aeng |
||
| 082 | _aX:3M24xM18:g, Q4 | ||
| 100 |
_aALTHUSSER Louis _911722 |
||
| 245 | 0 |
_aOn the reproduction of capitalism _b Ideology and ideological state apparatuses |
|
| 260 |
_aLondon _bVerso _c2014 |
||
| 300 |
_axxxiv,285p. _ccm. |
||
| 490 | _aDissertation, University of Delhi, Economics (Deptt. of-). University of Delhi, Economics (Deptt. of-), Dissertation | ||
| 500 | _aBibliography: p 125-134 | ||
| 650 | _aSociology | ||
| 942 |
_hX:3M24xM18:g, Q4 _cGB _2CC |
||
| 999 |
_c585399 _d585399 |
||